সাহিত্য-শিল্পী বজলুর রশীদ / (Record no. 26389)
[ view plain ]
| 000 -LEADER | |
|---|---|
| fixed length control field | 00899nam a22002177a 4500 |
| 003 - CONTROL NUMBER IDENTIFIER | |
| control field | BDDh-ASL |
| 005 - DATE AND TIME OF LATEST TRANSACTION | |
| control field | 20231016062614.0 |
| 008 - FIXED-LENGTH DATA ELEMENTS--GENERAL INFORMATION | |
| fixed length control field | 201114s1973 b ||||| |||| 00| 0 b d |
| 040 ## - CATALOGING SOURCE | |
| Original cataloging agency | BDDh-ASL |
| Transcribing agency | BDDh-ASL |
| 041 ## - LANGUAGE CODE | |
| Language code of text/sound track or separate title | ben |
| 082 ## - DEWEY DECIMAL CLASSIFICATION NUMBER | |
| Classification number | 928.9144 |
| Item number | UDS |
| 100 ## - MAIN ENTRY--PERSONAL NAME | |
| 9 (RLIN) | 768 |
| Personal name | উদ্দীন, মুহম্মদ মজির |
| 245 10 - TITLE STATEMENT | |
| Title | সাহিত্য-শিল্পী বজলুর রশীদ / |
| 246 ## - VARYING FORM OF TITLE | |
| Title proper/short title | Sahitya Shilpi Bazlur Rashid |
| 260 ## - PUBLICATION, DISTRIBUTION, ETC. | |
| Place of publication, distribution, etc. | রাজশাহী: |
| Name of publisher, distributor, etc. | উত্তর মৌসুম, |
| Date of publication, distribution, etc. | ১৯৭৩। |
| 300 ## - PHYSICAL DESCRIPTION | |
| Extent | ৩১২ পৃষ্ঠা, : |
| Dimensions | ২২ সে. মি. |
| 504 ## - BIBLIOGRAPHY, ETC. NOTE | |
| Bibliography, etc. note | গ্রন্থপঞ্জি ও নিঘন্ট সংযুক্ত । |
| 600 10 - SUBJECT ADDED ENTRY--PERSONAL NAME | |
| 9 (RLIN) | 4860 |
| Personal name | রশীদ, বজলুর |
| 650 #0 - SUBJECT ADDED ENTRY--TOPICAL TERM | |
| Topical term or geographic name entry element | biographical dictionary - চরিতাভিধান |
| General subdivision | সাহিত্য |
| 9 (RLIN) | 4665 |
| 942 ## - ADDED ENTRY ELEMENTS (KOHA) | |
| Source of classification or shelving scheme | Dewey Decimal Classification |
| Koha item type | Books |
| Withdrawn status | Lost status | Source of classification or shelving scheme | Damaged status | Not for loan | Collection code | Home library | Current library | Shelving location | Date acquired | Source of acquisition | Total Checkouts | Full call number | Barcode | Date last seen | Copy number | Price effective from | Koha item type |
|---|---|---|---|---|---|---|---|---|---|---|---|---|---|---|---|---|---|
| Dewey Decimal Classification | Non-fiction | Asiatic Society Library | Asiatic Society Library | General Stacks | 10/08/2021 | ASB Collection | 928.9144 UDS | 112407 | 10/08/2021 | C-1 | 10/08/2021 | Books |